[Event "Ukrania ch Final 2014"]
[Site "Lviv UKR"]
[Date "2014.11.11"]
[Round "1.4"]
[White "Zubarev, Alexander"]
[Black "Korobov, Anton"]
[Result "0-1"]
[WhiteElo "2588"]
[BlackElo "2680"]
[PlyCount "74"]
[EventDate "2014.11.11"]
[EventType "tourn"]
[EventRounds "11"]
[EventCountry "UKR"]
[EventCategory "17"]
[Source "lmi"]
[SourceDate "2014.11.11"]

1. e4 c5 2. Nf3 d6 3. Bb5+ Nd7 4. d4 Ngf6 5. O-O a6 6. Bxd7+ Nxd7 7. Bg5 h6 8.
Bh4 g5 9. Bg3 Bg7 10. Nc3 O-O 11. dxc5 Nxc5 12. Nd4 Kh7 13. h4 e5 14. Nf5 Nxe4
15. Nxe4 Bxf5 16. Nxd6 Bg6 17. Qd5 Qe7 18. Rfe1 Rad8 19. Rad1 Bxc2 20. Rd2 Bg6
21. hxg5 hxg5 22. f3 Rd7 23. Bxe5 Rfd8 24. Qa5 b6 25. Qc3 Qe6 26. Re3 f6 27.
Bg3 Qxa2 28. Kf2 a5 29. Re1 a4 30. Qc6 Qb3 31. Rde2 Qb4 32. Ne4 Bxe4 33. Rh1+
Kg6 34. fxe4 Rd2 35. Rxd2 Qxd2+ 36. Kf1 Qd3+ 37. Kf2 Bf8 0-1

[Event "Ukrania ch Final 2014"]
[Site "Lviv UKR"]
[Date "2014.11.15"]
[Round "5.5"]
[White "Kuzubov, Yuriy"]
[Black "Kryvoruchko, Yuriy"]
[Result "1/2-1/2"]
[WhiteElo "2661"]
[BlackElo "2706"]
[PlyCount "64"]
[EventDate "2014.11.11"]
[EventType "tourn"]
[EventRounds "11"]
[EventCountry "UKR"]
[EventCategory "17"]
[Source "lmi"]
[SourceDate "2014.11.11"]

1. d4 Nf6 2. c4 e6 3. Nc3 Bb4 4. e3 O-O 5. Nge2 Re8 6. a3 Bf8 7. Ng3 d5 8. Be2
dxc4 9. O-O c5 10. dxc5 Bxc5 11. Bxc4 a6 12. Be2 Be7 13. Bd2 Bd7 14. Qc2 Bc6
15. e4 Nbd7 16. Bf4 Rc8 17. Rac1 Nf8 18. Rfd1 Qa5 19. Be3 Ng6 20. Qd2 Rcd8 21.
Qe1 Qe5 22. f3 Nf4 23. Bf1 g5 24. Qf2 h6 25. Kh1 Rxd1 26. Rxd1 Rd8 27. Rxd8+
Bxd8 28. Qd2 Be7 29. Nge2 Nxe2 30. Bxe2 Qc7 31. Bd4 Nd7 32. g3 Bf6 1/2-1/2

[Event "Ukrania ch Final 2014"]
[Site "Lviv UKR"]
[Date "2014.11.22"]
[Round "11.2"]
[White "Kuzubov, Yuriy"]
[Black "Ponomariov, Ruslan"]
[Result "1-0"]
[WhiteElo "2661"]
[BlackElo "2711"]
[PlyCount "105"]
[EventDate "2014.11.11"]
[EventType "tourn"]
[EventRounds "11"]
[EventCountry "UKR"]
[EventCategory "17"]
[Source "lmi"]
[SourceDate "2014.11.11"]

1. e4 c5 2. Nf3 e6 3. g3 Nc6 4. Bg2 Nf6 5. d3 d5 6. Nbd2 Be7 7. O-O b6 8. Re1
Bb7 9. c3 Qc7 10. e5 Nd7 11. Nf1 d4 12. Qe2 dxc3 13. bxc3 b5 14. d4 cxd4 15.
cxd4 O-O 16. Ne3 b4 17. d5 Ncxe5 18. Nxe5 Nxe5 19. Bb2 Bf6 20. Rac1 Qb8 21. Nd1
Nd7 22. dxe6 fxe6 23. Qxe6+ Rf7 24. Rc6 Nb6 25. Bxf6 gxf6 26. Rd6 Bxg2 27. Kxg2
Qc8 28. Qe4 Qc4 29. Qf3 Qxa2 30. Ne3 Kh8 31. Re2 Qa1 32. Nf5 Raf8 33. Nh6 Rc7
34. Rde6 f5 35. Re8 Qg7 36. Nxf5 Rcf7 37. g4 Qf6 38. R2e6 Rxe8 39. Rxf6 Rxf6
40. Qf4 Kg8 41. Qxb4 Ref8 42. Ne7+ Kg7 43. Qd4 h6 44. f4 Kh7 45. Kg3 R8f7 46.
Qd8 Rf8 47. Qd3+ Kg7 48. Qd4 Kf7 49. Qe4 Kg7 50. h4 R8f7 51. g5 hxg5 52. hxg5
Rxf4 53. Qe5+ 1-0